Spon's A&D Architects' and Builders' Price Book 103rd ed., (Record no. 146)

000 -LEADER
fixed length control field 00302nam a2200109Ia 4500
008 - FIXED-LENGTH DATA ELEMENTS--GENERAL INFORMATION
fixed length control field 200302s9999 xx 000 0 und d
100 ## - MAIN ENTRY--PERSONAL NAME
Personal name Davis, Belfield & Everest
245 ## - TITLE STATEMENT
Title Spon's A&D Architects' and Builders' Price Book 103rd ed.,
260 ## - PUBLICATION, DISTRIBUTION, ETC.
Name of publisher, distributor, etc. E.& F. N. Spon Ltd.
260 ## - PUBLICATION, DISTRIBUTION, ETC.
Date of publication, distribution, etc. 1978
300 ## - PHYSICAL DESCRIPTION
Extent 530 P.,
Holdings
Withdrawn status Lost status Damaged status Not for loan Permanent Location Current Location Date acquired Cost, normal purchase price Full call number Barcode Date last seen Price effective from Koha item type
        BMS College of Architecture, Design and Planning BMS College of Architecture, Design and Planning 2020-03-03 114.08 690.0294 CL-UG18782 2020-03-03 2020-03-03 UG Books from CL
Copyright © 2025, The Librarian, Library and Information Centre, BMSCA D&P, Bengaluru. All Rights Reserved
web counter

Powered by Koha